000 00962nam a22002777a 4500
001 BR8700848
003 BR-BrBNA
005 20230928092357.0
007 ta
008 230509b bl.||||| |||| 00| 0 por d
040 _aBR-BrBNA
_bpor
_cBiblioteca Nacional de Agricultura
041 _a(Por)
072 _aL01
_b5214
_b/G514
090 _ 5214 BR8700848
100 1 _aAbujaiad, E.M.D.
110 1 _aUniversidade Federal da Paraiba, Areia (Brasil). Centro de Ciencias Agrarias
_0Tese (Mestrado)
245 1 _aFatores que influenciam a eficiencia produtiva do rebanho gir leiteiro da Fazenda Experimental de Criacao "Joao Pessoa" em Umbuzeiro - Paraiba
260 3 _aAreia, PB (Brasil):
_c1980.
300 _a59 p.
500 _a(*) Documento disponível no(a) UFPB, Areia, PB (Brazil). Centro de Ciencias Agrarias
650 _aPECUARIA LEITEIRA
650 _aUMBUZEIRO
650 _aPARAIBA
909 _a202309
_bLucia
_c55
_dLucia Elande
942 _cBK
999 _c38678
_d38678